000
00201 a2200097 4500
001
11135
100
_a
Jackson, R.
245
_a
South Asian cr
260
_a
_b
Chatto & Windus
_c
090
_c
8689
_d
8689
942
_a
NUST-CAE
_c
M
_c
35476
999
_c
246208
_d
246208